Central-Library-PUMHS

Online Public Access Catalogue

Welcome to PUMHS Central Library Nawabshah, SBA

Robbins Basic Pathology (Record no. 33850)

000 -LEADER
fixed length control field 00250nam a22001217a 4500
082 ## - DEWEY DECIMAL CLASSIFICATION NUMBER
Classification number 616.07 KUM
100 ## - MAIN ENTRY--AUTHOR NAME
Personal name Kumar (Acc.No:39562 Ref)
245 ## - TITLE STATEMENT
Title Robbins Basic Pathology
260 ## - PUBLICATION, DISTRIBUTION, ETC. (IMPRINT)
Year of publication 2016
300 ## - PHYSICAL DESCRIPTION
Number of Pages 935
650 ## - SUBJECT ADDED ENTRY--TOPICAL TERM
Topical Term Pathology
942 ## - ADDED ENTRY ELEMENTS (KOHA)
Koha item type Books
Holdings
Withdrawn status Lost status Permanent Location Current Location Date acquired Source of acquisition Cost, normal purchase price Full call number Accession Number Koha item type
    Central Library Main Campus PUMHSW Nawabshah (SBA) Reference Section (PUMHS Central Library) 2020-01-25 M/S Allied Book Bill.No:7003-INS.Date.23-7-2019 395.00 616.07 KUM 39562 Ref Books

Copyright © 2018,The PUMHSW, Nawabshah, Shaheed Benazirabad. All rights reserved
Mr. Abdul Sattar Mahar (Chief Librarian) PUMHSW, Nawabshah, Sindh, Pakistan 67480.
Ph#: | 0244-9370425 Ext. 2241 Email| librarian@pumhs.edu.pk Web| http://www.pumhs.edu.pk
سنڌي ڪي بورڊ